Anuario 1945 (Record no. 214929)

MARC details
000 -CABECERA
campo de control de longitud fija 00662nam a22001937a 4500
003 - IDENTIFICADOR DEL NÚMERO DE CONTROL
campo de control MX-MxUPN
005 - FECHA Y HORA DE LA ÚLTIMA TRANSACCIÓN
campo de control 20260413095227.0
008 - ELEMENTOS DE LONGITUD FIJA--INFORMACIÓN GENERAL
campo de control de longitud fija 260413s1945 mx|odb|fry||| 000 0 spa d
040 ## - FUENTE DE LA CATALOGACIÓN
Centro catalogador/agencia de origen MX-MxUPN
Lengua de catalogación spa
041 0# - CÓDIGO DE IDIOMA
Código de lengua del texto/banda sonora o título independiente spa
050 #4 - SIGNATURA TOPOGRÁFICA DE LA BIBLIOTECA DEL CONGRESO
Número de clasificación Q4
Número de documento/Ítem C66 1945
110 2# - ASIENTO PRINCIPAL--NOMBRE CORPORATIVO
Nombre de entidad corporativa o nombre de jurisdicción como elemento de entrada Comisión Impulsora y Coordinadora de la Investigación Científica (Mexico)
9 (RLIN) 59242
245 00 - MENCIÓN DE TÍTULO
Título Anuario 1945
260 ## - PUBLICACIÓN, DISTRIBUCIÓN, ETC.
Lugar de publicación, distribución, etc. México, D.F. :
Nombre del editor, distribuidor, etc. Comisión Impulsora y Coordinadora de la Investigación Científica,
Fecha de publicación, distribución, etc. 1945
300 ## - DESCRIPCIÓN FÍSICA
Extensión 329 páginas :
Otras características físicas fotografías, gráficos, mapas
650 #4 - ASIENTO SECUNDARIO DE MATERIA - TERMINO TEMATICO
Término de materia o nombre geográfico como elemento de entrada Ciencia
Subdivisión geográfica México
Subdivisión de forma Anuarios
9 (RLIN) 59243
902 ## - ELEMENTOS DE DATOS B LOCAL, LDB (RLIN)
Creó VíctorGodínez/130426
942 ## - ELEMENTOS DE PUNTO DE ACCESO ADICIONAL (KOHA)
Fuente del sistema de clasificación o colocación Library of Congress Classification
Tipo de ítem Koha Libro
Holdings
Estado de retiro Estado de pérdida Fuente del sistema de clasificación o colocación Estado dañado No para préstamo Código de colección Localización permanente Ubicación/localización actual Ubicación en estantería Fecha de adquisición Total de préstamos Clasificación Código de barras Fecha visto por última vez Precio válido a partir de Tipo de ítem Koha
    Library of Congress Classification   Disponible (Previa cita) Fondo Reservado de libros Bib. Gregorio Torres Quintero Bib. Gregorio Torres Quintero Sala de Fondos Reservados Planta alta 13/04/2026   Q4 C66 1945 130324 13/04/2026 13/04/2026 Libro